[Event "Bisaccia op 3rd"]
[Site "Bisaccia"]
[Date "2011.06.05"]
[Round "6"]
[White "Borino, Paolo"]
[Black "Fiore, Antonio"]
[Result "1-0"]
[WhiteElo "1913"]
[BlackElo "1742"]
[PlyCount "64"]
[EventDate "2011.06.08"]
[EventType "swiss"]
[EventRounds "7"]
[EventCountry "ITA"]
[SourceTitle "EXT 2014"]
[Source "ChessBase"]
[SourceDate "2013.11.20"]
[SourceVersion "1"]
[SourceVersionDate "2013.11.20"]
[SourceQuality "1"]

1. f4 d5 2. b3 Nf6 3. Bb2 c5 4. e3 g6 5. Nf3 Bg7 6. Bb5+ Bd7 7. Bxd7+ Nbxd7 8. 0-0 0-0 9. Nc3 Ne4 10. Na4 b5 11. Bxg7 Kxg7 12. Nb2 b4 13. Qe1 Ndf6 14. Nd3 a5 15. Nde5 Qc7 16. d3 Nc3 17. Qh4 a4 18. g4 Ra6 19. Ng5 e6 20. bxa4 h6 21. Ngxf7 Rxf7 22. Nxf7 Qxf7 23. a3 Rxa4 24. axb4 Rxa1 25. Rxa1 cxb4 26. g5 Nh5 27. Ra8 d4 28. gxh6+ Kxh6 29. Qg5+ Kh7 30. Qd8 Qg7 31. Rc8 Nd5 32. e4 Ndxf4 1-0

[Event "Bisaccia op 3rd"]
[Site "Bisaccia"]
[Date "2011.06.04"]
[Round "5"]
[White "Altini, Daniele"]
[Black "Fiore, Antonio"]
[Result "1-0"]
[WhiteElo "2256"]
[BlackElo "1742"]
[PlyCount "62"]
[EventDate "2011.06.08"]
[EventType "swiss"]
[EventRounds "7"]
[EventCountry "ITA"]
[SourceTitle "EXT 2014"]
[Source "ChessBase"]
[SourceDate "2013.11.20"]
[SourceVersion "1"]
[SourceVersionDate "2013.11.20"]
[SourceQuality "1"]

1. d4 Nf6 2. Nf3 e6 3. Bf4 c5 4. e3 b6 5. Bd3 Bb7 6. Nbd2 d5 7. c3 cxd4 8. exd4 Nc6 9. 0-0 Be7 10. Ne5 Nxe5 11. dxe5 Nd7 12. Re1 a6 13. a4 Nc5 14. Bc2 d4 15. cxd4 Qxd4 16. Be3 Qd5 17. f3 Rd8 18. Ra3 a5 19. Qe2 Ba6 20. Qf2 Qxe5 21. Rc3 Nd3 22. Bxd3 Rxd3 23. Bxb6 Qd5 24. Rxd3 Bxd3 25. Bd4 0-0 26. Ne4 Rc8 27. Bc3 Bxe4 28. fxe4 Qc4 29. Qg3 Bc5+ 30. Kh1 Bf8 31. Bxa5 Qxa4 1-0